000 00310nam a2200109 4500
999 _c10620
_d10620
003 OSt
005 20220429160900.0
008 220429b ||||| |||| 00| 0 eng d
082 _a725.21
245 _a Exterior rendering : shop & restaurant : a practical introduction to architectural illustrations
942 _2ddc